书目信息 |
| 题名: |
北洋军阀统治时期史话 第一册
|
|
| 作者: | 陶菊隐 著 | |
| 分册: | ||
| 出版信息: | 三联书店 1957.3 |
|
| 页数: | 214页 | |
| 开本: | 20cm | |
| 丛书名: | ||
| 单 册: | ||
| 中图分类: | K258.2 | |
| 科图分类: | ||
| 主题词: | 中国--历史--1840~1949 | |
| 电子资源: | ||
| ISBN: | ||
| 000 | 00613nam0 2200193 45 | |
| 001 | 0312221749 | |
| 005 | 20031222170854.7 | |
| 010 | @dCNY0.44 | |
| 100 | @a20031222d1957 km y0chiy0120 ea | |
| 101 | @achi | |
| 105 | @a z 000yy | |
| 200 | 1 | @a北洋军阀统治时期史话 第一册@ABei Yang Jun Fa Tong Zhi Shi Qi Shi Hua Di Yi Ce@f陶菊隐著@FTao Ju Yin Zhu@e辛亥革命前后和第一次南北战争时期(1895-19 |
| 210 | @c三联书店@d1957.3 | |
| 215 | @a214页@d20cm | |
| 606 | 0 | @a中国@x历史@z1840~1949 |
| 690 | @aK258.2@v3 | |
| 701 | 0 | @a陶菊隐@4著 |
| 801 | @aCN@bTSTCL@c20031222 | |
| 905 | @a213230@dK258.2@e44:1@b179714@f1 | |
| 北洋军阀统治时期史话 第一册/陶菊隐著:辛亥革命前后和第一次南北战争时期(1895-19.-三联书店,1957.3 |
| 214页;20cm |
| ISBN :CNY0.44 |
| ● |
| 相关链接 |
|
|
|
|
正题名:北洋军阀统治时期史话 第一册
索取号:K258.2/44:1
 
预约/预借
| 序号 | 登录号 | 条形码 | 馆藏地/架位号 | 状态 | 备注 |
| 1 | 0179714 | 001293950 | 第二样本阅览室/ [索取号:K258.2/44:1] | 在馆 |